000 00586nam a2200193Ii 4500
003 JO-AjNU
008 230605s9999||||xx |||||||||||||| ||und||
040 _aJO-AjNU
_bara
_erda
_cJO-AjNU
041 _aara
050 1 4 _aPJ7850.U7.A15 1900
100 3 _aتأليف محمود، مصطفى,
_eauthor
_948954
245 0 0 _aرائحة الدم
264 3 1 _aبيروت:دار العودة،1900
300 _a122ص
336 _atext
_btxt
_2rdacontent
337 _aunmediated
_bn
_2rdamedia
338 _avolume
_bnc
_2rdacarrier
650 4 _aالأدب العربي - قصص
_948955
999 _aA21472
_c25040
_d25040